| 000 | 00350nam a2200145Ia 4500 | ||
|---|---|---|---|
| 008 | 230917s9999||||xx |||||||||||||| ||und|| | ||
| 040 |
_e28515 _aMAIN |
||
| 041 | _aEnglish | ||
| 082 | _a658.4 G959O | ||
| 100 | _aGupta, Rakesh | ||
| 245 | 0 | _aOrganisational behaviour | |
| 260 |
_aAllahabad _bKitab Mahal _c1998 |
||
| 300 | _avi, 515 p. | ||
| 942 | _cBK | ||
| 999 |
_c91831 _d91831 |
||